000 00579nam a22002057a 4500
003 OSt
005 20210414102131.0
008 210311s1964 ||||| |||| 00| 0 eng d
040 _aeng
_beng
_cDLC
041 _aeng
080 _a821.111
_bB-64
100 _91386
_aBlake Nicholas
245 _aThou Shell of Death
_c/ by: A Berkley Medallion Book
260 _aNew York
_bA Berkley Medallion Book
_c1964
300 _a192 p.
365 _b0.5 usd
650 0 _9247
_aEnglish literature
653 _aინგლისური ლიტერატურა
942 _2udc
_cBK
999 _c2159
_d2159